| 000 | 00695nam a2200181Ia 4500 | ||
|---|---|---|---|
| 003 | IN-BaIIA | ||
| 008 | 211028s9999 xx 000 0 eng d | ||
| 040 | _cIIA Library | ||
| 080 |
_a083.7:62 _bASM |
||
| 110 |
_aAmerican Society of Mechanical Engineers _912073 |
||
| 245 | 0 |
_a1980 ASME boiler ad pressure vessel code Section III, division 1 nuclear power components subsectin ND class 3 component _c The American Society of Mechanical Engineers |
|
| 260 |
_aNew York _bThe American Society of Mechanical Engineers _c1980 |
||
| 300 | _axii, 295p. | ||
| 650 |
_aMechanical Engineering _9667 |
||
| 650 | _aNASA Thesaurus | ||
| 650 |
_aRules-Nuclear Power Plant _912074 |
||
| 942 | _cBK | ||
| 999 |
_c7059 _d7059 |
||